|
|
|
|
| LEADER |
00850nam a2200241 a 4500 |
| 001 |
000664138 |
| 003 |
CZ BrMZK |
| 005 |
20090929135938.0 |
| 007 |
ta |
| 008 |
030331s1951 xr f cze d |
| 040 |
|
|
|a BOA001
|b cze
|
| 245 |
0 |
0 |
|a Telefonní obvody.
|n Část 1-2
|
| 250 |
|
|
|a 2. vyd.
|
| 260 |
|
|
|a Praha :
|b Tesla-Elektronik,
|c 1951
|
| 300 |
|
|
|a 10, 13 s., příl.
|
| 490 |
1 |
|
|a Tesla - Studijní příručky ;
|v sv. 13
|
| 505 |
0 |
0 |
|g Část 1.
|t Řešení obvodů telefonního přístroje /
|r Karel Morávek --
|g Část 2.
|t Filtry a linky /
|r Jiří Vlach
|
| 700 |
1 |
|
|a Morávek, K.
|4 aut
|
| 700 |
1 |
|
|a Vlach, Jiří,
|d 1922-
|7 jo2003163394
|4 aut
|
| 830 |
|
0 |
|a Tesla - Studijní příručky
|
| 910 |
|
|
|a BOA001
|b TK-A-0040.081,13
|
| 990 |
|
|
|a BK
|
| 996 |
7 |
|
|b 2629940796
|c TK-A-0040.081,13
|l MZK
|r Sklad / do 24 hodin
|n 0
|w 000664138
|u 000010
|a 1
|e BOA001
|j MZK50
|s A
|